| 000 | 00372nam a22001337a 4500 | ||
|---|---|---|---|
| 005 | 20240322020452.0 | ||
| 008 | 240322b |||||||| |||| 00| 0 eng d | ||
| 082 |
_222 _a324.256. _bFoo. |
||
| 245 |
_aFootprints in sand : _bMam Report / _c2005. |
||
| 260 |
_aKilinochchi ; _bNortheast secretariat on human rights / _c2005. |
||
| 300 | _a89 p., | ||
| 650 | _aPolitical. | ||
| 942 | _cL | ||
| 999 |
_c597 _d597 |
||